Country Outlines (but i can't draw and i'm making it from memory) 3 - Statistics

General Stats
  • This quiz has been taken 63 times
  • The average score is 5 of 16
Answer Stats
Picture Answer % Correct
australia
93%
somalia
76%
austria
66%
indonesia
59%
bahamas
57%
brazil
53%
yemen
41%
kenya
19%
bosnia and herzegovina
12%
thailand
12%
bangladesh
10%
el salvador
9%
madagascar
9%
zambia
9%
east timor
5%
south korea
3%
No matching quizzes found
Score Distribution
Percent of People with Each Score
Percentile by Number Answered
Your Score History
You have not taken this quiz